000 00250nam a2200097Ia 4500
005 20251222121412.0
008 251222s1900||||xx |||||||||||||| ||spa||
082 _aDVD0090/A71/2002
245 0 _aMomias incas: secretos de un imperio perdido:
942 _cDVD
999 _c2561
_d2561